000 00805nam a2200205Ii 4500
003 JO-AjNU
008 230605s9999||||xx |||||||||||||| ||und||
040 _aJO-AjNU
_bara
_erda
_cJO-AjNU
041 _aara
050 1 4 _aBP873.8.N35 2006
100 3 _aنعيم، أسمادي محمد ؛ تقديم: محمد الزحيلي,
_eauthor
_921507
245 0 0 _aنظرية فسخ العقود في الفقه الإسلامي
250 _aط1
264 3 1 _aعمان: دار النفائس للنشر والتوزيع، 2006
300 _a256ص
_bالمراجع والمصادر ص 239-250
336 _atext
_btxt
_2rdacontent
337 _aunmediated
_bn
_2rdamedia
338 _avolume
_bnc
_2rdacarrier
650 4 _aالعقود- الفقه الاسلامي- المعاملات الاسلامية
_921508
999 _aA7482
_c11050
_d11050